Goats of each sport - Statistics

General Stats
  • This quiz has been taken 298 times
    273 since last reset
  • The average score is 9 of 15
Answer Stats
Sport Player % Correct
Soccer Lionel Messi
98%
Basketball LeBron James
96%
Boxing Muhammad Ali
78%
Golf Tiger Woods
77%
Swimming Michael Phelps
68%
Track and Field Usain Bolt
62%
Formula 1 Lewis Hamilton
61%
Skateboarder Tony Hawk
57%
Tennis Roger Federer
55%
Hockey Wayne Gretzky
53%
Baseball Babe Ruth
50%
MMA Conor McGregor
46%
Wrestling John Cena
29%
Cricket Virat Kohli
16%
Football Aaron Rodgers
10%
No matching quizzes found
Score Distribution
Percent of People with Each Score
Percentile by Number Answered
Your Score History
You have not taken this quiz since the last reset